000 00769cam a22002657a 4500
001 12503804
003 OSt
005 20180207032617.0
008 010815s1999 okua bf 001 0 eng d
010 _a 2001272246
020 _a1884735436
035 _a(OCoLC)ocm43349066
040 _aOMC
_cOMC
_dDLC
041 _aeng
042 _alccopycat
080 _a616.33
082 0 0 _a616.33 ENG
_221
100 1 _a4
101 _aSHM
245 1 0 _aDiagnosis and management of bowel diseases /
_cPaul F. Engstrom ; Eric B. Goosenberg.
504 _aIncludes bibliographical references and index.
906 _a7
_bcbc
_ccopycat
_d2
_encip
_f20
_gy-gencatlg
942 _2ddc
_cBK
999 _c41967
_d41967